000 00652nam a2200241Ia 4500
003 OSt
005 20220925212432.0
006 a|||||r|||| 00| 0
007 ta
008 220923b |||||||| |||| 00| 0 eng d
037 _cGeneral Book
040 _aRTL
_cRTL
_beng
041 _2eng
_aeng
082 _aWA, L6
100 _aSeliger Martin
_9121577
245 0 _aIdeology and politics
260 _aLondon
_bAllen & Unwin
_c1976
300 _a352p
_ccm.
500 _aBibliography: P 331-44; Appendix: P 317-30
650 _aNon-Violence
_9244472
942 _hWA, L6
_cGB
_2CC
999 _c560346
_d560346